000 00693nam a2200289Ia 4500
005 20260324150333.0
008 008 260324s9999 xx 000 0 eng d
020 _a9781351299206
037 _aEBOOK
040 _aCRL
040 _beng
040 _cCRL
041 _2eng
041 _aeng
084 _qCRL
100 _aWilliam W. Ellis
_91226075
245 0 _aWhite Ethics and Black Power
245 4 _bThe Emergence of the West Side Organization
260 _bTaylor and Francis
260 _c1969
365 _a
365 _b230
856 _uhttp://www.taylorfrancis.com/books/9781351299206
942 _cEBOOK
999 _c1835347
_d1835347